| 000 | 00704nam a22002297a 4500 | ||
|---|---|---|---|
| 001 | 26852 | ||
| 003 | BD-RjUL | ||
| 005 | 20211209051057.0 | ||
| 008 | 140323s1961 pk ||||| |||| 00| 0 eng d | ||
| 035 | _a(BD-RjUL)26923 | ||
| 040 |
_aBD-RjUL _beng _cBD-RjUL |
||
| 041 | _aeng | ||
| 082 | 0 | 4 |
_a954.7 _bKHP 1961 |
| 100 | 1 |
_aKhan, Samin. _982527 |
|
| 245 | 1 | 0 |
_aPakistan : _bideology, Constitution, laws, foreign policy / _cSamin Khan. |
| 260 |
_aKarachi : _bSentinel publications, _c1961. |
||
| 300 |
_aiii, 132 p. ; _c19 cm. |
||
| 651 | 0 |
_aPakistan _xPolitics and government. _982528 |
|
| 651 | 0 |
_aPakistan _xConstitutional law. _982529 |
|
| 651 | 0 |
_aPakistan _xForeign relations. _982530 |
|
| 942 |
_2ddc _cBK |
||
| 999 |
_c26852 _d26852 |
||